<?xml version="1.0" encoding="UTF-8"?>
<record
    xmlns:xsi="http://www.w3.org/2001/XMLSchema-instance"
    xsi:schemaLocation="http://www.loc.gov/MARC21/slim http://www.loc.gov/standards/marcxml/schema/MARC21slim.xsd"
    xmlns="http://www.loc.gov/MARC21/slim">

  <leader>00495nam a22001457a 4500</leader>
  <datafield tag="999" ind1=" " ind2=" ">
    <subfield code="c">134132</subfield>
    <subfield code="d">134132</subfield>
  </datafield>
  <controlfield tag="005">20240520120143.0</controlfield>
  <controlfield tag="008">240520b           ||||| |||| 00| 0 eng d</controlfield>
  <datafield tag="040" ind1=" " ind2=" ">
    <subfield code="c">PK-LaUMT</subfield>
  </datafield>
  <datafield tag="082" ind1=" " ind2=" ">
    <subfield code="a">APC 297.4</subfield>
    <subfield code="b">ALI-J</subfield>
  </datafield>
  <datafield tag="100" ind1=" " ind2=" ">
    <subfield code="a">Ali Asghar Chaudhary =  &#x639;&#x644;&#x6CC; &#x627;&#x635;&#x63A;&#x631; &#x686;&#x648;&#x6C1;&#x62F;&#x631;&#x6CC;</subfield>
  </datafield>
  <datafield tag="245" ind1=" " ind2=" ">
    <subfield code="a">Jannat jin ki muntazir he = &#x62C;&#x646;&#x62A; &#x62C;&#x646; &#x6A9;&#x6CC; &#x645;&#x646;&#x62A;&#x638;&#x631; &#x6C1;&#x6D2;  /</subfield>
    <subfield code="c">by Ali Asghar Chaudhary =  &#x639;&#x644;&#x6CC; &#x627;&#x635;&#x63A;&#x631; &#x686;&#x648;&#x6C1;&#x62F;&#x631;&#x6CC;</subfield>
  </datafield>
  <datafield tag="260" ind1=" " ind2=" ">
    <subfield code="a">Lahore :</subfield>
    <subfield code="b">Al-Faisal Nashran,</subfield>
    <subfield code="c">2009</subfield>
  </datafield>
  <datafield tag="300" ind1=" " ind2=" ">
    <subfield code="a">86 p.</subfield>
  </datafield>
  <datafield tag="942" ind1=" " ind2=" ">
    <subfield code="c">BK</subfield>
  </datafield>
  <datafield tag="952" ind1=" " ind2=" ">
    <subfield code="0">0</subfield>
    <subfield code="1">0</subfield>
    <subfield code="4">0</subfield>
    <subfield code="7">0</subfield>
    <subfield code="a">01</subfield>
    <subfield code="b">01</subfield>
    <subfield code="d">2024-05-20</subfield>
    <subfield code="l">0</subfield>
    <subfield code="o">APC 297.4 ALI-J</subfield>
    <subfield code="p">146754</subfield>
    <subfield code="r">2024-05-20 00:00:00</subfield>
    <subfield code="w">2024-05-20</subfield>
    <subfield code="y">BK</subfield>
  </datafield>
</record>
